Pays non-couverts par le passeport français - Statistiques

Statistiques générales
  • Ce quiz a été pris 961 fois
    505 depuis la dernière actualisation
  • Le résultat moyen est 19 sur 34
Statistiques - réponses
Réponse % Correct
Russie
83%
Algérie
73%
Corée du Nord
73%
Rép. Dém. du Congo
72%
République du Congo
71%
Mali
70%
Soudan
70%
Afghanistan
69%
Niger
67%
Libye
64%
Soudan du Sud
64%
Tchad
63%
Guinée
62%
Nigeria
61%
Syrie
59%
Cuba
55%
Bénin
54%
Yémen
54%
Erythrée
53%
Togo
53%
Guinée Equatoriale
52%
République Centrafricaine
51%
Ghana
49%
Cameroun
47%
Liberia
47%
Côte d'Ivoire
46%
Gabon
46%
Inde
46%
Ouganda
44%
Turkménistan
41%
Bhoutan
40%
Azerbaïdjan
39%
Nauru
38%
Papouasie-Nouvelle-Guinée
38%
Aucun quiz correspondant
Distribution des résultats
% des personnes avec chaque résultat
Percentile par nombre de réponses
Votre historique - résultats
Vous n’avez pas pris ce quiz depuis la dernière actualisation